000 00585nam a2200241 a 4500
001 nice12345678
003 IN_TiNIC
005 20260116012220.0
008 050524s1931 lona grp 000 0 eng
020 _a
_c100
082 0 0 _a190
_bRUS2
100 _aRussell, Bertrand
245 _aScientific Outlook
260 _aLondon
_bGeorge Allen and Unwin Ltd
_c1931
300 _a285p
500 _aincludes index and biblioraphy
505 2 _aIndex
650 _aPhilosophy-Modern-Russell
700 1 _aRussell, Bertrand
902 _bSRS
942 _cBK
999 _c6112
_d6112